ARRUPE JESUIT UNIVERSITY

CORONAVIRUS -STOP THE SPREAD - CLEAN,DISINFECT,COVER

Thomas Kuhn (Record no. 123823)

MARC details
000 -LEADER
fixed length control field 00561nam a22001697a 4500
008 - FIXED-LENGTH DATA ELEMENTS--GENERAL INFORMATION
fixed length control field 151130b xxu||||| |||| 00| 0 eng d
050 ## - LIBRARY OF CONGRESS CALL NUMBER
Classification number Q175.T4965 2002
100 ## - MAIN ENTRY--PERSONAL NAME
Personal name Nickles, Thomas
Relator term editor
9 (RLIN) 18410
245 ## - TITLE STATEMENT
Title Thomas Kuhn
Statement of responsibility, etc /edited by Thomas Nickles
260 ## - PUBLICATION, DISTRIBUTION, ETC. (IMPRINT)
Place of publication, distribution, etc Cambridge
Name of publisher, distributor, etc Cambridge University Press
Date of publication, distribution, etc 2002
300 ## - PHYSICAL DESCRIPTION
Extent xiii, 298p. ;
Dimensions 23cm.
440 ## - SERIES STATEMENT/ADDED ENTRY--TITLE
Title Contemporary Philosophy in focus
9 (RLIN) 21195
600 ## - SUBJECT ADDED ENTRY--PERSONAL NAME
Source of heading or term Science
General subdivision Philosophy
9 (RLIN) 21196
600 ## - SUBJECT ADDED ENTRY--PERSONAL NAME
Personal name Kuhn, Thomas S.
9 (RLIN) 3937
650 ## - SUBJECT ADDED ENTRY--TOPICAL TERM
Topical term or geographic name as entry element Science
General subdivision Philosophy
9 (RLIN) 21197
942 ## - ADDED ENTRY ELEMENTS (KOHA)
Source of classification or shelving scheme Library of Congress Classification
Item type Monograph ( Printed materials)
Holdings
Withdrawn status Lost status Source of classification or shelving scheme Damaged status Not for loan Collection code Home library Current library Shelving location Date acquired Total Checkouts Full call number Barcode Date last seen Date last borrowed Price effective from Koha item type
    Library of Congress Classification     Main Collection ARRUPE LIBRARY ARRUPE LIBRARY Main Collection 30/11/2015 3 Q175.T4965 2002 46500005700 21/01/2020 16/12/2019 30/11/2015 Monograph ( Printed materials)

 

Arrupe Library. PO Box MP320 Mt Pleasant, Harare, Zimbabwe
263 242 745411|librarian@aju.ac.zw